000 00396nam a2200145Ia 4500
005 20251222144637.0
008 251222s9999||||xx |||||||||||||| ||spa||
020 _a9788481883183
082 _a382/M88
100 _aMourelle Espasandín, Estefanía
245 0 _aLas Importaciones y el Ciclo Económico en España
250 _a1ra. ed.
264 _bConsejo Económico Social
942 _cLIB
999 _c16536
_d16536